000 01048nam a22002297a 4500
005 20110722153014.0
008 110722t xxu||||| |||| 00| 0 mar d
010 _aMAR-21121
020 _c100.00
035 _aMR-13779
037 _bDBAD/PUB
040 _aDPL
_bMR
082 _a305.2
100 _aआफळे,अलका
_929957
245 _aकुठे आहे स्त्री-पुरूष समानता ? /
_cअलका आफळे
246 _aKuthe Aahe Stri Purush Samanata
_bby Alka Afale
260 _aपुणे
_bउन्मेष प्रकाशन
_c2011
270 _aचंद्रनील अपार्टमेंटस्,सी विंग,सिंहगड रस्ता,
_bपुणे
_e411030
300 _a104पृ
_c21सेमी(अजिल्द)
942 _2ddc
_cMR
_h305.2
_mआफळे
999 _c54270
_d54270